| Tag |
First Indicator |
Second Indicator |
Subfields |
| LEADER |
00000pam a2200000 a 4500 |
| 001 |
in00004457598 |
| 005 |
20210818134930.0 |
| 008 |
870819s1988 nyuaf b 00110 eng |
| 010 |
|
|
|a 87025082
|
| 020 |
|
|
|a 0688053483
|
| 035 |
|
|
|a (OCoLC)16717856
|
| 035 |
|
|
|9 AAA7596MS
|
| 035 |
|
|
|z (UtOrBLW)3138
|
| 035 |
|
|
|a 4746
|
| 040 |
|
|
|a DLC
|c DLC
|d TMV
|d UtOrBLW
|
| 043 |
|
|
|a f-ke---
|
| 049 |
|
|
|a TMVM
|c 1
|
| 050 |
0 |
0 |
|a QL737.P98
|b M67 1988
|
| 059 |
|
|
|l MS/BOOK STKS
|v 4
|z 1
|t BOOK
|k CIRCULATING
|i 323890082202$
|n NL
|a QL 737 P98
|b M913e 1988
|
| 060 |
|
4 |
|a QL 737 P98
|b M913e 1988
|
| 100 |
1 |
|
|a Moss, Cynthia.
|
| 245 |
1 |
0 |
|a Elephant memories :
|b thirteen years in the life of an elephant family /
|c Cynthia Moss.
|
| 264 |
|
1 |
|a New York :
|b W. Morrow,
|c [1988]
|
| 264 |
|
4 |
|c ©1988
|
| 300 |
|
|
|a 336 pages, 32 unnumbered pages of plates :
|b illustrations (some color) ;
|c 24 cm.
|
| 336 |
|
|
|a text
|2 rdacontent
|b txt
|
| 337 |
|
|
|a unmediated
|2 rdamedia
|
| 338 |
|
|
|a volume
|2 rdacarrier
|b nc
|
| 500 |
|
|
|a Includes index.
|
| 504 |
|
|
|a "Amboseli Elephant Research Project publications": pages 325-328.
|
| 520 |
8 |
|
|a African elephant.
|
| 520 |
8 |
|
|a Amboseli National Park (Kenya)
|
| 650 |
|
2 |
|a Elephants.
|
| 940 |
|
|
|a copy plain
|
| 999 |
|
|
|a MARS
|
| 999 |
f |
f |
|s c7925939-7fc2-32ce-b63e-c76720009123
|i 4550530a-137a-3170-86ad-4583b0a30414
|t 0
|
| 952 |
f |
f |
|p ric
|a Texas A&M University
|b Rellis Campus
|c Joint Library Facility
|d Remote Storage
|t 0
|e QL 737 P98 M913e 1988
|h National Library of Medicine classification
|i unmediated -- volume
|m 323890082202$
|
| 998 |
f |
f |
|a QL 737 P98 M913e 1988
|t 0
|l Remote Storage
|